000 00428nam a22001697a 4500
003 NUST
005 20260216162148.0
008 260216b ||||| |||| 00| 0 eng d
082 _a297
_bASA
100 _aMuhammad Asad.
245 _aIslam Ki khuli Shahrah /
_cMuhammad Asad.
260 _aPakistan
_bAl-Toheed Global Foundation,
300 _a103 p ;
_c24.5 cm
546 _aUrdu
563 _aPaperback
942 _2ddc
_cBK
999 _c616227
_d616227